| 000 | 00957 am a2200253ua 4500 | ||
|---|---|---|---|
| 001 | 012619437 | ||
| 005 | 20130818130704.0 | ||
| 008 | 840130s1983 enkab | 001 | eng | ||
| 020 | _a0416309003 | ||
| 020 | _a9780416309003 | ||
| 082 | 0 | 4 |
_a330.9410856 _219 _bURB |
| 245 | 0 | 4 |
_aThe Urban and regional transformation of Britain / _cedited by J.B. Goddard and A.G. Champion. |
| 260 |
_aLondon : _bMethuen, _c1983. |
||
| 300 |
_axxii,281p. : _bill., maps ; _c24cm. |
||
| 500 | _aBibliography: p260-275. _ Includes index. | ||
| 650 | 0 |
_aRegional planning _zGreat Britain _xHistory. _933411 |
|
| 651 | 0 |
_aGreat Britain _xEconomic conditions _y1964-1979. _933412 |
|
| 651 | 0 |
_aGreat Britain _xEconomic conditions _y1979-1997. _933413 |
|
| 651 | 0 |
_aGreat Britain _xSocial conditions _y1945- _933414 |
|
| 653 |
_cAugust2013 _bEco |
||
| 700 | 1 |
_aGoddard, J. B. _q(John Burgess), _d1943- _933415 |
|
| 700 | 1 |
_aChampion, A. G. _q(Anthony Gerard) _933416 |
|
| 942 |
_2ddc _cBB |
||
| 999 |
_c17497 _d17469 |
||